Scientific american (Record no. 67690)

MARC details
000 -LEADER
fixed length control field 00323nam a22001097a 4500
005 - DATE AND TIME OF LATEST TRANSACTION
control field 20100812102829.0
008 - FIXED-LENGTH DATA ELEMENTS--GENERAL INFORMATION
fixed length control field 100812t xxu||||| |||| 00| 0 eng d
245 ## - TITLE STATEMENT
Title Scientific american
260 ## - PUBLICATION, DISTRIBUTION, ETC. (IMPRINT)
Place of publication, distribution, etc Noida
Name of publisher, distributor, etc WE CARE
942 ## - ADDED ENTRY ELEMENTS (KOHA)
item type Journal
260 ## - PUBLICATION, DISTRIBUTION, ETC. (IMPRINT)
-- 12586
Holdings
Lost status Source of classification or shelving scheme Not for loan Home library Current library Date acquired Total Checkouts Barcode Date last seen Price effective from Koha item type
  Universal Decimal Classification   University Library University Library 12/08/2010   P198 12/08/2010 12/08/2010 Journal
University Library, CUSAT